| 000 | 00518nam a2200217Ia 4500 | ||
|---|---|---|---|
| 003 | 0100 | ||
| 008 | 130303s9999 xx 000 0 und d | ||
| 020 | _a809130785 | ||
| 040 | _cARRUPELIB | ||
| 050 | _aBT160.W5261989 | ||
| 100 | _aWhitney, Barry L | ||
| 245 | _aWhat are they saying about God and evil | ||
| 260 | _aNY | ||
| 260 | _bPaulist Press | ||
| 260 | _C1989 | ||
| 300 | _a134 p. | ||
| 650 | _bEbner, Margaret | ||
| 650 | _cSpiritual life - Middle ages | ||
| 700 | _aBarry L. Whitney | ||
| 942 | 0 | 0 | _01 |
| 999 |
_c10895 _d10895 |
||